Koncepcia rozvoja rozvodnej sústavy vysokotlakých plynovodov SSR. /
Guardado en:
| Autor principal: | |
|---|---|
| Formato: | Manuscrito Libro |
| Publicado: |
Bratislava :
SVŠT v Bratislave SjF,
1979
|
| Etiquetas: |
Sin Etiquetas, Sea el primero en etiquetar este registro!
|
MARC
| LEADER | 00000ntm a22000003a 4500 | ||
|---|---|---|---|
| 001 | stu47690 | ||
| 005 | 20150617225710.4 | ||
| 008 | ------s1979----cs----------------------d | ||
| 040 | |a STU |b slo | ||
| 041 | 0 | ||
| 044 | |a cs | ||
| 080 | |a 662.76 | ||
| 080 | |a 621.643/644 | ||
| 100 | 1 | |a Vadina, J |4 aut | |
| 245 | 1 | |a Koncepcia rozvoja rozvodnej sústavy vysokotlakých plynovodov SSR. / |c [aut.] Vadina,J | |
| 260 | |a Bratislava : |b SVŠT v Bratislave SjF, |c 1979 | ||
| 300 | |a 146 s | ||
| 996 | |b J61733 |c J*61733/DIZ. |l JJSK |s A |a 24 |w stu47690_0001 | ||